Educación para la tolerancia e interculturalidad y los temas extracurriculares en la escuela

Guardado en:
Detalles Bibliográficos
Autor principal: Fráterová, Zuzana
Formato: Capítulo de libro
Lenguaje:español
Materias:
Etiquetas: Agregar Etiqueta
Sin Etiquetas, Sea el primero en etiquetar este registro!

MARC

LEADER 00000naa$a2200000$$$4500
001 0105393
005 20240502072149.8
041 0 |a spa 
044 |a SK 
245 1 0 |a Educación para la tolerancia e interculturalidad y los temas extracurriculares en la escuela  |c Zuzana Fráterová 
610 2 0 |a vzdelávanie 
610 2 0 |a komunikácia multikultúrna 
610 2 0 |a vzdelávanie elektronické 
610 2 0 |a tolerancia 
100 1 |a Fráterová, Zuzana